Indian indenture in the Straits Settlements, 1872-1910 /

Detaylı Bibliyografya
Yazar: Chanderbali, David (Yazar)
Materyal Türü: Kitap
Dil:English
Baskı/Yayın Bilgisi: Leeds, England : Peepal Tree, 2008.
Konular:
Classic Catalogue: View this record in Classic Catalogue
LEADER 02023nam a22003017a 4500
001 44993
003 BD-DhAAL
005 20251030103759.0
008 251030t2008 enkb b 001 0 eng d
020 |a 9781845230364 (paperback) 
020 |a 1845230361 (paperback) 
040 |a BD-DhAAL  |c BD-DhAAL 
082 |a 301.451914110591  |2 23 
100 |a Chanderbali, David,  |e author.  |9 59749 
245 |a Indian indenture in the Straits Settlements, 1872-1910 /  |c David Chanderbali. 
246 |a Indian indenture in the Straits Settlements 
260 |a Leeds, England :  |b Peepal Tree,  |c 2008. 
300 |a 232 pages :  |b maps ;  |c 24 cm 
504 |a Includes bibliographical references (pages 217-225) and index. 
526 |a ENH  |x Gazi Md. Mizanur Rahman Assistant Professor, Department of English and Humanities BRAC University Course name: Global Migration & Transnational Community (HST 408) 
541 |a Book Finder International  |e 44993, 44994 
650 |a East Indians  |z Straits Settlements  |x History  |y 19th century.  |9 59760 
650 |a Indentured servants  |z Straits Settlements  |x History  |y 19th century.  |9 59761 
852 |a Ayesha Abed Library  |c General Stacks 
942 |c BK  |2 ddc 
999 |c 47614  |d 47614 
952 |0 0  |1 0  |2 ddc  |4 0  |6 301_451914110591000_CHA  |7 0  |9 78413  |a BRACUL  |b BRACUL  |c NEW  |d 2025-10-27  |e Book Finder International  |g 3837.00  |l 1  |m 7  |o 301.451914110591 CHA  |p 3010044993  |r 2026-05-04  |s 2026-03-08  |t 1  |v 7674.00  |w 2025-10-27  |y BK  |x Requisitioned by Gazi Md. Mizanur Rahman (Assistant Professor, Department of English and Humanities, BRAC University) for the course named- 'Global Migration & Transnational Community (HST 408)' 
952 |0 0  |1 0  |2 ddc  |4 0  |6 301_451914110591000_CHA  |7 0  |9 78414  |a BRACUL  |b BRACUL  |c GEN  |d 2025-10-27  |e Book Finder International  |g 3837.00  |l 0  |o 301.451914110591 CHA  |p 3010044994  |r 2025-10-27  |t 2  |v 7674.00  |w 2025-10-27  |y BK  |x Requisitioned by Gazi Md. Mizanur Rahman (Assistant Professor, Department of English and Humanities, BRAC University) for the course named- 'Global Migration & Transnational Community (HST 408)'